UBT Library

SOCIAL WELFARE RESPONSES IN A NEOLIBERAL ERA (Record no. 59565)

000 -LEADER
fixed length control field 00344nam a22001457a 4500
008 - FIXED-LENGTH DATA ELEMENTS--GENERAL INFORMATION
fixed length control field 230414b ||||| |||| 00| 0 eng d
020 ## - INTERNATIONAL STANDARD BOOK NUMBER
International Standard Book Number 9789004323926
041 ## - LANGUAGE CODE
Language code of text/sound track or separate title eng
080 ## - UNIVERSAL DECIMAL CLASSIFICATION NUMBER
Edition identifier VOLUME8
Universal Decimal Classification number 32
082 ## - DEWEY DECIMAL CLASSIFICATION NUMBER
Classification number 32BLA
100 ## - Rafti
Rafti 28
101 ## - Shkurtesa
Shkurtesa HISTOR
245 ## - TITLE STATEMENT
Title SOCIAL WELFARE RESPONSES IN A NEOLIBERAL ERA
Statement of responsibility, etc BLAD .C
942 ## - ADDED ENTRY ELEMENTS (KOHA)
Source of classification or shelving scheme
Item type Books
Holdings
Withdrawn status Lost status Source of classification or shelving scheme Damaged status Not for loan Collection code Permanent location Current location Date acquired Total Checkouts Full call number Barcode Date last seen Price effective from Koha item type
          Koleksioni i përgjithshem UBT - Lipjan UBT - Lipjan 04/14/2023   32BLA 002-80006025 04/14/2023 04/14/2023 Books
          Koleksioni i përgjithshem UBT - Lipjan UBT - Lipjan 04/14/2023   32BLA 002-80006026 04/14/2023 04/14/2023 Books
          Koleksioni i përgjithshem UBT - Lipjan UBT - Lipjan 04/14/2023   32BLA 002-80006027 04/14/2023 04/14/2023 Books
          Koleksioni i përgjithshem UBT - Lipjan UBT - Lipjan 04/14/2023   32BLA 002-80006028 04/14/2023 04/14/2023 Books
UBT Library © 2015-2024. All rights reserved University Education for Business and Technology